000 00305nam a2200109Ia 4500
008 220204s9999 xx 000 0 und d
082 _a547
_bBUC
245 0 _aOrganic liquids: Structure, dynamics and chemical properties
260 _aChicheter
_bJohn Wiley
_c1978
700 _aBuckingham, A D
942 _cBK
999 _c34736
_d34736